|
|
|
|
| LEADER |
00000nam0a2200000 4500 |
| 001 |
279459 |
| 005 |
20231101235218.0 |
| 035 |
|
|
|a (RuTPU)RU\TPU\book\302738
|
| 090 |
|
|
|a 279459
|
| 100 |
|
|
|a 20141219d1985 k y0rusy5003 ca
|
| 101 |
0 |
|
|a rus
|
| 102 |
|
|
|a RU
|
| 105 |
|
|
|a y z 001zy
|
| 200 |
1 |
|
|a Актуальные вопросы производства и применения редких элементов
|e сборник научных статей
|f Академия наук СССР (АН СССР), Институт минералогии, геохимии и кристаллохимии редких элементов (ИМГРЭ) ; под ред. В. В. Иванова
|
| 210 |
|
|
|a Москва
|c Изд-во ИМГРЭ
|d 1985
|
| 215 |
|
|
|a 112 с.
|
| 320 |
|
|
|a Библиогр. в конце ст.
|
| 606 |
1 |
|
|a Руды редких металлов
|x Добыча
|2 stltpush
|3 (RuTPU)RU\TPU\subj\26184
|9 50168
|
| 610 |
1 |
|
|a месторождения
|
| 610 |
1 |
|
|a производство
|
| 610 |
1 |
|
|a применение
|
| 675 |
|
|
|a 622.349
|z rus
|v 4
|
| 702 |
|
1 |
|a Иванов
|b В. В.
|g Валерий Владимирович
|4 340
|
| 712 |
0 |
2 |
|a Академия наук СССР (АН СССР)
|b Институт минералогии, геохимии и кристаллохимии редких элементов (ИМГРЭ)
|c (Москва)
|2 stltpush
|3 (RuTPU)RU\TPU\col\10887
|
| 801 |
|
0 |
|a RU
|b RuMRKP
|c 19960704
|g psbo
|
| 801 |
|
1 |
|a RU
|b 63413507
|c 20141219
|
| 801 |
|
2 |
|a RU
|b 63413507
|c 20180131
|g RCR
|
| 942 |
|
|
|c BK
|